1553 1745 1428 1101 1376 1268 1439 1793 1533 1274 1294 1187 1179 1046 1154 1845 1362 1529 1333 1965 1918 1017 1537 1995 1431 1899 1883 1017 1456 1815 1572 1318 1249 1725 1478 1292 1923 1752 1118 1529 1014 1275 1513 1959 1355 1580 1434 1862 1746 1265 1276 1619 1867 1658 1117 1535 1613 1029 1101 1094 1762 1384 1572 1879 1833 1542 1702 1307 1532 1553 1150 1782 1898 1889 1799 1456 1657 1757 1085 1547 1779 1026 1249 1048 1298 1432 1691 1211 1024 1588 1082 1384 1885 1969 1776 1889 1604 1035 1249 BCNSPRNW ULIB Ver.6.0+V

เปลี่ยนเป็นภาษาไทย

Change to English
 แสดงรายละเอียดบรรณานุกรม
  กลับหน้าหลัก

Brief Record : Get Marc (ISO 2709) : E-mail record : QR code < ปิดหน้าต่าง
LEADER : 00000nam 2200000uu 4500
001    13399127155
003     ULIB
008    191018s2562||||th 000 0 tha d
020 ^- ^a9786163471338
050 ^- ^aนว.^bป534ส
100 0^ ^aปัณฑารีย์.
245 10 ^aเสน่หาใกล้ใจ /^cปัณฑารีย์.
250 ^- ^aพิมพ์ครั้งที่ 1.
260 ^- ^aกรุงเทพฯ :^bห้างหุ้นส่วนจำกัด ไลด์ ออฟ เลิฟ บุ๊คส์,^c2562
300 ^- ^a272 หน้า.
945    ^p265^l0^i006342
999    ^aประนอม เกษจรัล
รายการนี้ยังไม่มีแท็ก
คุณยังไม่ได้ล็อกอิน คุณสามารถมีกิจกรรมร่วมกับเว็บไซต์ได้ แต่ต้องล็อกอินก่อน ::
  ล็อกอิน

รายการสื่อสารสนเทศ

ลำดับที่ ประเภท เลขเรียก/บาร์โค้ด สถานที่ สถานะ
1. นวนิยาย
นวนิยาย
นว. ป534ส ฉ.1 
  Barcode: 006342
ห้องสมุดวิทยาเขตนครสวรรค์
►นวนิยาย:l:Fiction
บนชั้น

รายการใกล้เคียง
    ผู้แต่ง [ปัณฑารีย์.]

BibComment


ยังไม่เคยถูกคอมเมนท์

คอมเมนท์ทรัพยากรรายการนี้
  คอมเมนท์: เสน่หาใกล้ใจ ปั..


 Copyright 2026. Bcnsprnw @Library